书目信息 |
| 题名: |
美国海军武器鉴赏指南
|
|
| 作者: | ;深度军事编委会 编著 | |
| 分册: | ||
| 出版信息: | 北京 清华大学出版社 2017 |
|
| 页数: | 14,375页 | |
| 开本: | 21cm | |
| 丛书名: | 世界武器鉴赏系列 | |
| 单 册: | ||
| 中图分类: | E712.53 | |
| 科图分类: | ||
| 主题词: | 海军--hai jun--武器装备--鉴赏--美国 | |
| 电子资源: | ||
| ISBN: | 978-7-302-45424-3 | |
| 000 | 01090nam0 22002651 450 | |
| 001 | 0119165317 | |
| 005 | 20170620100326.32 | |
| 010 | @a978-7-302-45424-3@dCNY65.00 | |
| 100 | @a20170106d2017 em y0chiy50 ea | |
| 101 | 0 | @achi |
| 102 | @aCN@b110000 | |
| 105 | @aa z 000yy | |
| 106 | @ar | |
| 200 | 1 | @a美国海军武器鉴赏指南@9mei guo hai jun wu qi jian shang zhi nan@e珍藏版@f《深度军事》编委会编著 |
| 205 | @a2版 | |
| 210 | @a北京@c清华大学出版社@d2017 | |
| 215 | @a14,375页@c图@d21cm | |
| 225 | 2 | @a世界武器鉴赏系列@9shi jie wu qi jian shang xi lie |
| 330 | @a本书精心选取了美国海军自“二战”以来使用过的两百余种武器,涵盖了大型水面战斗舰、中型水面战斗舰、小型水面战斗舰艇、两栖舰艇、潜艇、辅助战斗舰艇、舰载固定翼飞机、舰载直升机和海军导弹等多个类别,该书为第2版,在原有的基础上介绍了每种武器更为详细的内容和性能参数。 | |
| 461 | 0 | @12001 @a世界武器鉴赏系列 |
| 606 | 0 | @a海军@9hai jun@x武器装备@x鉴赏@y美国 |
| 690 | @aE712.53@v5 | |
| 711 | 02 | @a深度军事编委会@9shen du jun shi bian wei hui@4编著 |
| 801 | 0 | @aCN@b百万庄@c20170616 |
| 905 | @b1011753-8@dE712.53@e97=2@f6 | |
| 美国海军武器鉴赏指南:珍藏版/《深度军事》编委会编著 .-2版.-北京:清华大学出版社,2017 |
| 14,375页:图;21cm.-(世界武器鉴赏系列) |
| ISBN 978-7-302-45424-3:CNY65.00 |
| 本书精心选取了美国海军自“二战”以来使用过的两百余种武器,涵盖了大型水面战斗舰、中型水面战斗舰、小型水面战斗舰艇、两栖舰艇、潜艇、辅助战斗舰艇、舰载固定翼飞机、舰载直升机和海军导弹等多个类别,该书为第2版,在原有的基础上介绍了每种武器更为详细的内容和性能参数。 |
| ● |
| 相关链接 |
|
|
|
|
正题名:美国海军武器鉴赏指南
索取号:E712.53/97=2
 
预约/预借
| 序号 | 登录号 | 条形码 | 馆藏地/架位号 | 状态 | 备注 |
| 1 | 1011753 | 210117531 | 第一样本阅览室/ [索取号:E712.53/97=2] | 在馆 | |
| 2 | 1011754 | 210117540 | 教育系资料室/ [索取号:E712.53/97=2] | 在馆 | |
| 3 | 1011755 | 210117559 | 教育系资料室/ [索取号:E712.53/97=2] | 在馆 | |
| 4 | 1011756 | 210117568 | 教育系资料室/ [索取号:E712.53/97=2] | 在馆 | |
| 5 | 1011757 | 210117577 | 第一借阅区/ [索取号:E712.53/97=2] | 在馆 | |
| 6 | 1011758 | 210117586 | 第一借阅区/ [索取号:E712.53/97=2] | 在馆 |